Rushing Leaders 2025-26 Season - NFL - Statistics

General Stats
  • This quiz has been taken 46 times
  • The average score is 17 of 25
Answer Stats
Yds Answer % Correct
1,621 James Cook
95%
1,478 Bijan Robinson
89%
1,595 Derrick Henry
89%
1,223 Jahmyr Gibbs
87%
1,585 Johnathan Taylor
87%
1,140 Saquon Barkley
87%
1,202 Christian McCaffrey
82%
1,201 Javonte Williams
82%
1,252 Kyren Williams
82%
1,350 De'Von Achane
76%
929 Josh Jacobs
71%
1,076 Rico Dowdle
68%
1,087 D'Andre Swift
66%
1,027 Kenneth Walker III
66%
911 TreVeyon Henderson
66%
1,019 Chase Brown
63%
1,082 Tony Pollard
63%
827 Quinshon Judkins
61%
1,107 Travis Etienne
58%
975 Ashton Jeanty
53%
1,065 Breece Hall
53%
958 Jaylen Warren
42%
772 J.K. Dobbins
37%
783 Kyle Monangai
26%
805 Jacory Croskey-Merritt
16%
No matching quizzes found
Score Distribution
Percent of People with Each Score
Percentile by Number Answered
Your Score History
You have not taken this quiz